000 00596nam a2200241Ia 4500
005 20260306150001.0
008 008 260114s9999 xx 000 0 eng d
020 _a9781477308332
037 _aEbook
040 _aCRL
040 _beng
040 _cCRL
041 _2eng
041 _aeng
084 _qCRL
245 4 _aThe Use and Development of the Xinkan Languages
260 _bUniversity of Texas Press
260 _c2016
650 _aLinguistics and Semiotics
856 _uhttps://www.degruyter.com/isbn/9781477308332
942 _cEBOOK
999 _c1692774
_d1692774